Регионална библиотека "Любен Каравелов" - Русе

Главният шпионин на Хитлер (Запис номер 71624)

MARC детайли
000 -Лидер
Контролно поле с фиксирана дължина 02146nam a2200445 c 4500
003 - Код на организацията, давaща контролен номер
Контролно поле BLK
005 - Дата и час на последна редакция
Контролно поле 20180422103230.0
008 - Елементи от данни с фиксирана дължина
fixed length control field 180408b bul|||||r ||||||| ||bul||
010 ## - Наследен системен номер
LC control number KNG00075996000
020 ## - Международен стандартен номер на книга ISBN
Международен стандартен номер на книга ISBN 978-954-733-519-6
-- издат.: Прозорец
040 ## - Източник на каталожния запис
Идентификатор на билиотеката - собственик на записа BLK
041 ## - Код за език
Код за езика на текст/звукозапис или на отделно заглавие Български
Код за езика КДБФ Български
080 ## - УДК
Текстов определител УДК Разузнавателна служба. Тайна служба. Шпионаж. Разузнавателна информация. Вж и 327.84 ; 344.1
УДК код - определител по УДК 355.40
УДК определител (430)(091)(092)
УДК - код + определител 355.40(430)(091)(092)
080 ## - УДК
Текстов определител УДК История на Втората световна война (1939-1945)
УДК код - определител по УДК 940.53
УДК определител
УДК - код + определител 940.53
080 ## - УДК
Текстов определител УДК Адмирал, шеф на германските тайни служби
УДК код - определител по УДК 929 Канарис, Вилхелм
УДК определител
УДК - код + определител 929 Канарис, Вилхелм
100 1# - Редна дума - Автор
Автор Басет, Ричард
Авторска отговорност първи автор
R(LIN) 36939
139 ## - Редно поле
Редна дума Басет, Ричард
Авторски знак Кан - К 24
245 10 - Сведения за заглавието
Заглавие Главният шпионин на Хитлер
Подзаглавни данни Мистерията Вилхелм Канарис
Редно поле (дума) Ричард Басет; прев. от англ. Павел Димитров Талев.
257 ## - Страна на издаване
Страна на създаване/издаване Великобритания
260 ## - Област на издателските данни
-- София
Име на издателя, разпространителя и проч. Прозорец
Година на издаване 2007
Печатница София : Инвестпрес
300 ## - Физическа характеристика
Страници 350 с.
Илюстрации и др. със сх., 8 л. : ил.
Размери/Мащаб 20 см
380 ## - Жанр
Жанр История
490 1# - СЕРИИ (Колекции)
Име на серия Поредица Хроника
500 ## - Общи забележки
Забележка Ориг. загл. Hitler's Spy Chief : The Wilhelm Canaris Mystery / Richard Bassett. - Офс. изд.
600 14 - Име на лице, използвано като предмет
За него / За нея Канарис, Вилхелм
9 (RLIN) 222583
650 #4 - Допълнително описание по предмет – тема
Основно описание – тема или топоним Германия - история
9 (RLIN) 253290
650 #4 - Допълнително описание по предмет – тема
Основно описание – тема или топоним Шпионаж и диверсия - Германия - история
9 (RLIN) 259333
650 #4 - Допълнително описание по предмет – тема
Основно описание – тема или топоним Канарис, Вилхелм
9 (RLIN) 222583
651 #4 - Допълнително описание по предмет - топоним
Географско понятие Германия
9 (RLIN) 178754
653 ## - Ключова дума – ненормативна
Ключова дума история
653 ## - Ключова дума – ненормативна
Ключова дума шпионаж
653 ## - Ключова дума – ненормативна
Ключова дума тайни служби
653 ## - Ключова дума – ненормативна
Ключова дума Втора световна война
700 1# - Други автори (авторска отговорност)
Лично име Талев, Павел Димитров
Автороска отговорност (Описва отношението между автора и произведението) прев. от англ.
9 (RLIN) 367880
852 ## - Местоположение
Форматна сигнатура Цб 234578
856 4# - Електронен адрес и достъп
Електронен формат pdf - файл
Път до файла /url/
856 4# - Електронен адрес и достъп
Електронен формат pdf - файл
Път до файла /url/
942 ## - АРТИКУЛИ
Вид на библиотечния материал Книги
Скрит в OPAC Не
944 ## - СЪЗДАВАНЕ И РЕДАКЦИЯ на ЗАПИСА
Създаване/Редакция Създаване
Дата на регистрацията/редакция 25.06.2007
Служител, извършил регистрацията/редакцията Наталия_Медовщикова
944 ## - СЪЗДАВАНЕ И РЕДАКЦИЯ на ЗАПИСА
Създаване/Редакция Редакция
Дата на регистрацията/редакция 05.12.2008
Служител, извършил регистрацията/редакцията
999 ## - СИСТЕМНИ КОНТРОЛНИ НОМЕРА
Koha biblionumber 71624
Koha biblioitemnumber 71624
Наличности
Код за отписване Код за изгубен артикул Източник на класификационната схема Код за повреда Коз за рестрикции Код за отдаване Артикулен № Име на библиотеката - собственик Име на библиотеката, в която се намира в момента Статус (Текущо местоположение) Дата на вписване в системата Местоположение - отдел Цена в лева Инвентарен номер Систематично азбучна сигнатура Баркод Номер на екземпляра Цена в евро Служебна бележка Служебен тип на артикула
Изтеглен Не е изгубен Universal Decimal Classification Не е повреден без рестрикции заемане за дома 116927 Регионална библиотека "Любен Каравелов" Русе Регионална библиотека "Любен Каравелов" Русе Заемна - подръчен фонд 2007-06-25 Заемна - подръчен фонд 10.90 120000714941 П 355.4(092)/К 24 120000714941 1 5.57 Дост: Pk Вид: Ф N: 5879 Дата: 20.06.2007 Книги
  Не е изгубен   Не е повреден без рестрикции ползва се в читалня 116928 Регионална библиотека "Любен Каравелов" Русе Регионална библиотека "Любен Каравелов" Русе Хранилище 2008-02-14 Хранилище 10.90 120000723304 Цб 234578 120000723304 2 5.57 Дост: Dp Вид: Д N: 46 Дата: 24.10.2007 Книги
Vip Innovations Ltd, Rousse, Bulgaria 2025